| 000 | 03069cam a2200349 a 4500 | ||
|---|---|---|---|
| 999 |
_c341 _d341 |
||
| 001 | 467081 | ||
| 003 | KHC-NET | ||
| 005 | 20190806144944.0 | ||
| 008 | 150602s2014 nyua 001 0 eng d | ||
| 010 | _a2015304739 | ||
| 020 |
_a1579129714 _q(hbk.) : |
||
| 020 |
_a9781579129712 _q(hbk.) : |
||
| 040 |
_aYDXCP _beng _ctw-NKUHT _dtw-NKUHT _eAACR2 |
||
| 042 | _anbic | ||
| 044 | _anyu | ||
| 082 | 0 | _a541.22 GRA | |
| 100 | 1 |
_aGray, Theodore W. _ePhotographer |
|
| 245 | 1 | 0 |
_aMolecules : _bthe elements and the architecture of everything / _cphotographs by Theodore Gray & Nick Mann. |
| 246 | 3 | _aElements & the architecture of everything. | |
| 246 | 3 | _aElements and the architecture of everything. | |
| 246 | 3 | _aMolecules. | |
| 246 | 3 | 0 | _aThe elements and the architecture of everything. |
| 260 |
_aNew York, New York : _bBlack Dog & Leventhal Publishers, _cc2014. |
||
| 300 |
_a240 p. : _bcol. ill. ; _c26 x 27 cm. |
||
| 500 | _aIncludes index. | ||
| 505 | 0 | 0 |
_tA house built of elements -- _tThe power of names -- _tDead or alive -- _tOil and water -- _tMineral and vegetable -- _tRock and ore -- _tRope and fiber -- _tPain and pleasure -- _tSweet and double sweet -- _tNatural and artificial -- _tRose and skunk -- _tColor me chemical -- _tI hate that molecule -- _tMachines of life. |
| 520 |
_aIn his highly anticipated sequel to The Elements, Theodore Gray demonstrates how the elements of the periodic table combine to form the molecules that make up our world. Everything physical is made up of the elements and the infinite variety of molecules they form when they combine with each other. In Molecules, Theodore Gray takes the next step in the grand story that began with the periodic table in his best-selling book, The Elements: A Visual Exploration of Every Known Atom in the Universe. Here, he explores through fascinating stories and trademark stunning photography the most interesting, essential, useful, and beautiful of the millions of chemical structures that make up every material in the world. Gray begins with an explanation of how atoms bond to form molecules and compounds, as well as the difference between organic and inorganic chemistry. He then goes on to explore the vast array of materials molecules can create, including: soaps and solvents; goops and oils; rocks and ores; ropes and fibers; painkillers and dangerous drugs; sweeteners; perfumes and stink bombs; colors and pigments; and controversial compounds including asbestos, CFCs, and thimerosal. Big, gorgeous photographs, as well as diagrams of the compounds and their chemical bonds, rendered with never before seen beauty, fill the pages and capture molecules in their various states. As he did in The Elements, Gray shows us molecules as we've never seen them before. It's the perfect book for his loyal fans who've been eager for more and for anyone fascinated with the mysteries of the material world.-- _cSource other than Library of Congress. |
||
| 650 | 1 | 0 | _aMolecular structure. |
| 650 | 0 | _aMolecules. | |
| 700 | 1 |
_aMann, Nick. _ePhotographer |
|
| 942 |
_2ddc _cNFIC |
||